Pays les plus proches de l'Ethiopie - Statistiques

Statistiques générales
  • Ce quiz a été pris 120 fois
  • Le résultat moyen est 17 sur 20
Statistiques - réponses
km pays % Correct
0 Somalie
97%
0 Soudan
97%
0 Kenya
95%
0 Soudan du Sud
95%
0 Érythrée
92%
799 Egypte
91%
0 Djibouti
90%
649 Tanzanie
90%
326 Arabie Saoudite
89%
1165 Tchad
89%
521 Rép dém du Congo
87%
195 Ouganda
86%
871 Rwanda
86%
109 Yémen
86%
1236 Oman
85%
1383 Libye
83%
681 République Centrafricaine
82%
978 Burundi
81%
1547 Malawi
55%
1484 Seychelles
38%
Aucun quiz correspondant
Distribution des résultats
% des personnes avec chaque résultat
Percentile par nombre de réponses
Votre historique - résultats
Vous n’avez pas pris ce quiz